000 00969nam a2200229Ia 4500
003 GCL
008 140319s9999 xx 000 0 ara d
020 _a2675274977
040 _aGCL /
_cGCL
082 0 4 _a004.678
_bو ا
100 1 _aوجدى عبدالفتاح سواحل
245 1 0 _aانتفاضة الانترنت :
_bمن الجهاد المسلح الى الجهاد الاليكترونى /
_cوجدى عبدالفتاح سواحل
250 _aالاولى
260 _aالقاهرة :
_bمركز الاعلام العربى ،
_c2001
300 _a108 ص ؛
_c19 سم
650 0 4 _aالحرب الالكترونية
650 0 4 _aالإنترنت
650 0 4 _aانتفاضة الاقصى - الحاسبات الالكترونية
650 0 4 _aالنزاع العربى الاسرائيلى - الحاسبات الالكترونية
650 0 4 _aالقضية الفلسطينية - الحاسبات الالكترونية
942 _2ddc
_cBK
999 _c8975
_d8975